| 000 | 01005cam a22002535a 4500 | ||
|---|---|---|---|
| 001 | 14586555 | ||
| 005 | 20201128013538.0 | ||
| 008 | 061006s2007 us a frb 001 0 eng d | ||
| 020 | _a9781847201164 | ||
| 040 |
_aDLC _cDLC _dBAKER _dBTCTA _dC#P _dYDXCP _dDLC _dEG-ScBuE _beng |
||
| 082 | 0 | 0 |
_a338.04 _222 _bACS |
| 100 | 1 |
_aAcs, Zoltan J. _92235 |
|
| 245 | 1 | 0 |
_aEntrepreneurship, growth and public policy : _bPrelude to a knowledge spillover theory of entrepreneurship / _cZoltan J. Acs. |
| 260 |
_aMassachusetts : _bEdward Elgar, _cc.2008. |
||
| 300 |
_axxii, 573 p. : _c24 cm. _b ill. ; |
||
| 500 | _aIndex : p. 567-573. | ||
| 504 | _aIncludes bibliographical references. | ||
| 590 | _ayassmeen ashraf | ||
| 650 | 0 |
_aEntrepreneurship. _9240 _2BUEsh |
|
| 651 | _2BUEsh | ||
| 653 |
_bBUSBOL _cAugust2015 |
||
| 942 |
_2ddc _cBB |
||
| 999 |
_c11044 _d11044 |
||